[Event "Festival de Mulhouse 2021 Tournoi MI"]
[Site "MULHOUSE"]
[Date "2021.06.26"]
[Round "8.5"]
[White "Kuhn, Clement"]
[Black "Colmenares, Aurelio"]
[Result "1-0"]
[WhiteElo "2302"]
[BlackElo "2316"]
[PlyCount "59"]
[EventDate "2021.??.??"]
[WhiteTeam "Ecole Française d'Echecs de Metz"]
[BlackTeam "CE du Bassin Annemassien - Diagonale de l'Arv"]

1. Nf3 Nc6 2. d4 d5 3. g3 Bg4 4. Bg2 Qd7 5. h3 Bxf3 6. exf3 O-O-O 7. O-O f6 8.
f4 e5 9. fxe5 fxe5 10. dxe5 Nxe5 11. Re1 Ng6 12. c4 d4 13. Qb3 c6 14. Bg5 Be7
15. Bxe7 N8xe7 16. Nd2 Nf5 17. Ne4 Nd6 18. Nc5 Qf7 19. Ne6 Rd7 20. h4 Kb8 21.
Bxc6 Re7 22. Bd5 Rhe8 23. Qb4 Rxe6 24. Qxd6+ Rxd6 25. Bxf7 Re7 26. Bd5 Kc7 27.
Rad1 Rxe1+ 28. Rxe1 d3 29. Rd1 d2 30. Rxd2 1-0

[Event "Festival de Mulhouse 2021 Tournoi MI"]
[Site "MULHOUSE"]
[Date "2021.06.26"]
[Round "9.2"]
[White "Colmenares, Aurelio"]
[Black "Flear, Glenn C"]
[Result "0-1"]
[WhiteElo "2316"]
[BlackElo "2433"]
[PlyCount "74"]
[EventDate "2021.??.??"]
[WhiteTeam "CE du Bassin Annemassien - Diagonale de l'Arv"]
[BlackTeam "L'Echiquier du Roy René"]

1. e4 e5 2. Nf3 Nc6 3. d4 exd4 4. Nxd4 Bc5 5. Nb3 Bb6 6. Nc3 Nge7 7. Qe2 O-O 8.
Bg5 f6 9. Be3 f5 10. Bxb6 axb6 11. e5 Ng6 12. Qc4+ Kh8 13. f4 d5 14. Nxd5 Be6
15. O-O-O Nce7 16. Nxe7 Qxe7 17. Qc3 Nxf4 18. Kb1 Nd5 19. Qf3 Nb4 20. a3 Nc6
21. Bb5 Nxe5 22. Qe2 Bxb3 23. cxb3 c6 24. Rhe1 Rae8 25. Bd3 Qf7 26. Qc2 Nxd3
27. Qxd3 b5 28. Rf1 Kg8 29. Rf4 Qe6 30. Rd4 Qe2 31. Rd2 Qxd3+ 32. R4xd3 Re7 33.
a4 bxa4 34. bxa4 Rfe8 35. Rb3 Ra8 36. Rd4 Kf7 37. Kc1 Kf6 0-1

[Event "Festival de Mulhouse 2021 Tournoi MI"]
[Site "MULHOUSE"]
[Date "2021.06.26"]
[Round "9.3"]
[White "Lerch, Patrice"]
[Black "Klek, Hanna Marie"]
[Result "1/2-1/2"]
[WhiteElo "2354"]
[BlackElo "2265"]
[PlyCount "120"]
[EventDate "2021.??.??"]
[WhiteTeam "Mulhouse Philidor"]

1. e4 e5 2. Bc4 Nf6 3. d3 Bc5 4. Nf3 Nc6 5. O-O d6 6. c3 a6 7. Re1 Ba7 8. Nbd2
h6 9. b4 Nh5 10. Nf1 Qf6 11. Ne3 Nf4 12. d4 Ne7 13. Kh1 c6 14. Bb2 O-O 15. Bf1
exd4 16. cxd4 d5 17. e5 Qe6 18. Ng1 f6 19. g3 Nfg6 20. f4 fxe5 21. dxe5 Qf7 22.
Bd4 Bxd4 23. Qxd4 Nf5 24. Nxf5 Bxf5 25. Bd3 Ne7 26. a4 a5 27. Bxf5 Nxf5 28. Qc5
axb4 29. Qxb4 d4 30. e6 Qe7 31. Qxe7 Nxe7 32. Nf3 c5 33. Rab1 Ra7 34. Ne5 Rc8
35. Nc4 Rc6 36. a5 g6 37. Re5 Kg7 38. g4 Rc7 39. Kg2 Ra6 40. Kf3 Kf6 41. g5+
Kg7 42. Ke4 Kh7 43. Kd3 Kg7 44. Rb5 Rac6 45. Kc2 Nf5 46. Kd3 hxg5 47. fxg5 Kf8
48. Rd5 Rxe6 49. Rdxc5 Rh7 50. Rc8+ Re8 51. Rxe8+ Kxe8 52. h4 Kd8 53. h5 Rxh5
54. Rxb7 Ne7 55. Ne5 Rxg5 56. Kxd4 Rg1 57. a6 Rd1+ 58. Kc4 Rc1+ 59. Kd4 Rd1+
60. Kc4 Rc1+ 1/2-1/2

[Event "Festival de Mulhouse 2021 Tournoi MI"]
[Site "MULHOUSE"]
[Date "2021.06.26"]
[Round "9.5"]
[White "Materia, Marco"]
[Black "Kuhn, Clement"]
[Result "0-1"]
[WhiteElo "2287"]
[BlackElo "2302"]
[PlyCount "112"]
[EventDate "2021.??.??"]
[WhiteTeam "Nomad' Echecs"]
[BlackTeam "Ecole Française d'Echecs de Metz"]

1. d4 Nf6 2. c4 e6 3. Nf3 Bb4+ 4. Nbd2 O-O 5. a3 Be7 6. e4 d6 7. Be2 Nfd7 8.
O-O e5 9. d5 a5 10. b3 c6 11. Bb2 cxd5 12. cxd5 Nb6 13. Nc4 Nxc4 14. Bxc4 f5
15. Qc2 fxe4 16. Qxe4 Bf5 17. Qe3 Nd7 18. Rfe1 Bf6 19. a4 Rc8 20. Nd2 Bg5 21.
Qe2 Nf6 22. Bc3 Rc5 23. Rac1 Kh8 24. Red1 Nxd5 25. Bxd5 Rxd5 26. Nc4 Bd3 27.
Rxd3 Rxd3 28. Qxd3 Bxc1 29. Qxd6 Qxd6 30. Nxd6 Ba3 31. Ne4 Bb4 32. Bxb4 axb4
33. Kf1 Rc8 34. Ke2 Kg8 35. Ke3 Kf8 36. Nd2 Rc3+ 37. Ke4 Ke7 38. Kxe5 Rd3 39.
Nc4 Rxb3 40. Kd4 Rc3 41. Ne3 Ke6 42. Nd5 Rc2 43. Nxb4 Rxf2 44. Nd3 Ra2 45. Nc5+
Kf5 46. Nxb7 Rxg2 47. h3 Rh2 48. Nd6+ Kf4 49. a5 Rxh3 50. Kc5 Ra3 51. Nc4 Ra1
52. Kb6 h5 53. a6 Rxa6+ 54. Kxa6 h4 55. Nd2 h3 56. Nf1 g5 0-1